000 00615nam a2200217Ia 4500
003 OSt
005 20220923230842.0
006 a|||||r|||| 00| 0
007 ta
008 Pun
024 _a306,071
037 _cTextual
040 _aARTS
_cARTS
_bPun
041 _2Pun
_aPun
082 _aQ8441v, 153M9
100 _aਬੱਲ, ਰਾਜਿੰਦਰ ਸਿੰਘ
245 0 _aਭਾਈ ਬੰਨੋ ਦਰਪਨ ਅਤੇ ਖਾਰੇ ਵਾਲੀ ਬੀੜ
260 _c1989
942 _hQ8441v, 153M9
_cTEXL
_2CC
999 _c387858
_d387858